00430pab a2200145 454500008004000000100001100040245006900051260000900120300001500129362001200144650001900156650004000175650003200215773003700247180718b2009 xxu||||| |||| 00| 0 eng d aNavjot aLiberation of women in India: Understanding Ambedkar's viewpoint c2009 ap.103-118. aJan-Apr aAmbedkar, B.R. aWomens liberation movements - India aWomens liberation movements aResearch Journal Social Sciences